02698nam a22002657a 4500003000500000005001700005008004100022010001000063011001000073035001100083040000900094100003400103245021000137264004100347300001900388502008100407520168700488650003202175650004502207650003802252650001802290700003102308700004002339856005302379CHAP20260216142836.0100409s2010 mx r 00010 spa d a98051 a99023 a109708 cCHAP1 aEnyanche Velázquez, Fabian.10aFertilización química y vermicomposta del pimiento morrón (Capsicum annum L.) intercalado en duraznero /cpor Fabian Enyanche Velázquez y Sabina Hernández Viana ; director Prócoro Díaz Vargas 1aChapingo, Méx. :bEl autor,c2010. aviii, 102 p. : bIngeniero Agrónomo Especialista en Suelos.cDepartamento de Suelos.d2010. aEl presente experimento se estableció en la Granja Integral de Policultivo en Tezontepec de Aldama, Hidalgo, del 18 de mayo al 26 de septiembre de 2009, con el objetivo de estudiar el efecto de la fertilización química, vermicomposta (V) y su interacción en el cultivo de pimiento morrón (Capsicum annum L.) var. California. El diseño de tratamientos fue una factorial 3 2 distribuidos en un diseño de bloques completamente al azar. Los tratamientos fueron: Testigo, 50 g de V, 150 g de V, 70-30- 85 de N, P y K respectivamente, 70-30-85+50 g de V, 70-30-85+ 150 g de V, 210-90- 255, 210-90-255+50 g de V, 210-90-255+150 g de V. Las variables evaluadas fueron altura de planta, diámetro de tallo, longitud y diámetro de fruto, volumen radical, rendimiento y contenido de clorofila. Para las variables; altura de la planta y rendimiento se encontraron diferencias estadísticas significativas con el tratamiento 50 g de Vermicomposta. No se observaron diferencias estadísticas significativas para diámetro de tallo, longitud y diámetro de fruto, volumen radical y contenido de clorofila, sin embargo, se observó una tendencia del efecto del tratamiento 2 (50 g de V) en un incremento en las variables medidas. La interacción entre los factores en sus diferentes niveles (fertilizante químico y vermicomposta) no mostró efecto positivo sobre las variables medidas en el cultivo. La eficiencia relativa de la tierra corresponde a 0.76 para el cultivo intercalado. Los frutos de las plantas a las que se les aplicó el T6 (70-30- 85+150 g de V) mostraron mayor vida de anaquel y/o menor pérdida de peso almacenados a 5 ± 1°C después de 20 días.04aFertilización (Química)04aFertilizantesxEfecto en chile pimiento.04aFertilizantesxEfecto en durazno.04aVermicompost.1 aHernández Viana, SAbina.1 aDíaz Vargas, Prócoroedirector. uhttp://10.13.5.2/tesis/109708.pdfyDESCARGAR PDF